Top 20 Cities of France on a Map Quiz Stats

 Plays Quiz Updated Dec 18, 2019

     
Support Sporcle.
Go Orange.
Score 0/20 Timer 05:00
1 Play Today
% Correct
1. Paris
99.7%
2. Marseille
86.9%
3. Lyon
85.9%
5. Nice
79.4%
9. Bordeaux
73.3%
4. Toulouse
66.9%
7. Strasbourg
64.4%
10. Lille
63.6%
6. Nantes
57.4%
8. Montpellier
48.3%
% Correct
11. Rennes
46.5%
17. Dijon
45.2%
16. Grenoble
40.8%
13. Le Havre
39.1%
12. Reims
37.6%
15. Toulon
34.5%
14. Saint-Étienne
34%
20. Villeurbanne
26.4%
19. Nîmes
26.3%
18. Angers
24.6%

From the Vault

Most Forested Countries

by Deeisenberg

These places can be quite shady.
Remove Ads.
Support Sporcle.
Get the best of Sporcle when you Go Orange. This ad-free experience offers more features, more stats, and more fun while also helping to support Sporcle. Thank you for becoming a member.

Show Comments

Extras

Top Quizzes Today


Score Distribution

Your Account Isn't Verified!

In order to create a playlist on Sporcle, you need to verify the email address you used during registration. Go to your Sporcle Settings to finish the process.

Report this User

Report this user for behavior that violates our Community Guidelines.

Details: